000
00199nam a2200085 4500
001
1255689
005
20251211130647.0
245
_a
KİRAZ AĞACININ ARDINDAN
_c
PAOLA PERETTI
260
_b
TİMAŞ YAYINLARI
999
_c
1255689
_d
1255689